| 000 | 00649nam a2200217Ia 4500 | ||
|---|---|---|---|
| 003 | OSt | ||
| 005 | 20230807153125.0 | ||
| 008 | 221216s9999||||xx |||||||||||||| ||und|| | ||
| 020 | _a9780767417969 | ||
| 040 | _cChuka University Library | ||
| 050 |
_aLB 1140.2 _b .R49 2000 |
||
| 100 |
_aReynolds, Eleanor _92514 |
||
| 245 | 0 | _aGuiding young children: A problem-solving approach | |
| 250 | _a3rd ed. | ||
| 260 |
_aBoston _bMcGraw-Hill _c2000 |
||
| 300 |
_a450p _bIllustrated |
||
| 650 |
_aEducation _99611 _xPreschool |
||
| 650 |
_aProblem solving in children _911548 |
||
| 650 |
_aPreschool teachers _xIn-service training _911549 |
||
| 942 |
_cBK _2lcc |
||
| 999 |
_c3413 _d3413 |
||